|
|
|
|
| LEADER |
00000nam0a2200000 4500 |
| 001 |
363196 |
| 005 |
20240919172035.0 |
| 035 |
|
|
|a (RuTPU)RU\TPU\retro\20543
|
| 090 |
|
|
|a 363196
|
| 100 |
|
|
|a 20210922d1879 km|y1gery50 ba
|
| 101 |
0 |
|
|a ger
|
| 102 |
|
|
|a AT
|
| 105 |
|
|
|a af z 001zy
|
| 181 |
|
0 |
|b e
|
| 182 |
|
0 |
|a n
|
| 183 |
|
0 |
|a nc
|2 RDAcarrier
|
| 200 |
1 |
|
|a Mechanische Holzbearbeitung deren Hilfsmittel und Erzeugnisse
|e mit 7 Illustrationen im Text und 2 Tafeln
|f Notizen von W. F. Exner und G. Lauböck
|
| 210 |
|
|
|a Wien
|c Verlag von Faesy @ Frick
|d 1879
|
| 215 |
|
|
|a 66 S.
|c il., 2 вкл л.
|
| 225 |
1 |
|
|a Bericht über die Weltausstellung in Paris 1878
|v II Heft
|
| 283 |
|
|
|a volume
|
| 300 |
|
|
|a В описании используется грамматика 19 века
|
| 316 |
|
|
|5 63413507: 3058
|a На форзаце экслибрис Библиотеки ТТИ
|
| 316 |
|
|
|5 63413507: 3058
|a На с. 5 владельческий штамп: "Александр Петрович Кузнецов"
|
| 317 |
|
|
|5 63413507: 3058
|a Поступил в НТБ в 1901 г. в составе книжной коллекции в дар от красноярского мецената А. П. Кузнецова
|
| 320 |
|
|
|a Bibliographie in Referenzen
|
| 541 |
1 |
|
|a Механическая обработка древесины, вспомогательное оборудование и продукция
|z rus
|
| 606 |
1 |
|
|a Древесина
|x Переработка
|2 stltpush
|3 (RuTPU)RU\TPU\subj\10101
|9 37230
|
| 610 |
1 |
|
|a механическая обработка
|
| 610 |
1 |
|
|a оборудование
|
| 610 |
1 |
|
|a продукция
|
| 610 |
1 |
|
|a немецкий язык
|
| 610 |
1 |
|
|a Коллекция А. П. Кузнецова
|
| 610 |
1 |
|
|a владельческие знаки
|
| 610 |
1 |
|
|a дары библиотеке
|
| 675 |
|
|
|a 630.8
|v 4
|
| 700 |
|
1 |
|a Exner
|b W. F.
|
| 701 |
|
1 |
|a Laubock
|b G.
|
| 801 |
|
1 |
|a RU
|b 63413507
|c 20210922
|
| 801 |
|
2 |
|a RU
|b 63413507
|c 20210922
|g RCR
|
| 942 |
|
|
|c BK
|